Dost kazanmak ve insanları etkilemek sanatı (Record no. 12601)

MARC details
000 -BAŞLIK
Sabit Uzunlukta Kontrol Alanı 00519nam a22001817a 4500
999 ## - SİSTEM KONTROL NUMARALARI (KOHA)
Koha Biblionumber 12601
Koha Biblioitemnumber 12601
003 - KONTROL NUMARASI IDENTIFIER
Denetim Alanı MIRAKIL
005 - SON İŞLEM TARİHİ VE ZAMANI
Denetim Alanı 20190109164816.0
008 - SABİT-BOY VERİ ELEMANLARI - GENEL BİLGİLER
Sabit Uzunlukta Kontrol Alanı 190109b tu ||||| |||| 00| 0 tur d
040 ## - KATALOGLAMA KAYNAK
Orijinal Kataloglama Ajansı TR-AnCHP
Metne Dönüştürmek Ajansı TR-AnCHP
041 ## - DİL KODU
Metin / Ses Parça Veya Ayrı Başlığın Dil Kodu TUR
082 ## - DEWEY ONLU SINIFLANDIRMA NUMARASI
Sınıflandırma Numarası 158.25
Ürün Numarası D24d 1967
100 ## - ANA GİRİŞ - KİŞİSEL İSİM
Kişisel Ad Carnegie, Dale
245 10 - BAŞLIK TABLOSU
Başlık Dost kazanmak ve insanları etkilemek sanatı
Sorumluluk Tablosu, Vb yazan: Dale Carnegie ; çeviren: Türkan Akbaş
260 ## - YAYIN, DAĞITIM, VB
Yayın, Dağıtım, Vb Yeri İstanbul
Yayıncı, Dağıtıcı, Vs Adı Ak Kitabevi
Yayın, Dağıtım, Vb Tarihi 1967
300 ## - FİZİKSEL TANIM
Kapsam 215 s.
Boyutlar 20 sm.
650 #0 - KONU KATMA GİRİŞ - TOPİKAL DÖNEM
9 (RLIN) 29
Topikal Süreli Veya Coğrafi Ad Giriş Elemanı Psikoloji
942 ## - EKLENDİ GİRİŞ ELEMANLARI (KOHA)
Sınıflandırma Veya Raf Düzeni Kaynak Dewey Decimal Classification
Koha Öğesi Türü Books
Holdings
Kalıcı Konum Mevcut Konum Edinme Tarihi Toplam Check-Out'Lar Tam Çağrı Numarası Barkod Tarih Son Görülme İtibaren Geçerli Fiyatlar Koha Öğesi Türü
Parti Okulu Kütüphanesi Parti Okulu Kütüphanesi 01/09/2019   158.25 D24d 1967 P00271 01/09/2019 01/09/2019 Books